|
|
|
|
| LEADER |
01443nam a2200325 a 4500 |
| 001 |
0017274 |
| 003 |
BD-DhAAL |
| 008 |
090712s1989 nyu b 001 0 eng d |
| 010 |
|
|
|a \\\89037215
|
| 020 |
|
|
|a 0231070845 (alk. paper)
|
| 020 |
|
|
|a 0195646401
|
| 040 |
|
|
|a DLC
|c DLC
|d DLC
|d BD-DhAAL
|
| 082 |
0 |
0 |
|a 420.71054
|2 20
|
| 100 |
1 |
|
|a Viswanathan, Gauri.
|9 58352
|
| 245 |
1 |
0 |
|a Masks of conquest :
|b literary study and British rule in India /
|c Gauri Viswanathan.
|
| 260 |
|
|
|a New York :
|b Columbia University Press,
|c 1989.
|
| 300 |
|
|
|a x, 206 p. ;
|c 24 cm
|
| 490 |
1 |
|
|a The Social foundations of aesthetic forms series
|
| 500 |
|
|
|a Revision of the author's thesis (Ph. D.)--Columbia University.
|
| 504 |
|
|
|a Includes bibliographical references (p. [187]-196) and index.
|
| 526 |
|
|
|a ENH
|
| 541 |
1 |
|
|e 00017274
|a Omni Books
|
| 650 |
|
0 |
|a English literature
|x Study and teaching
|z India
|x History
|y 19th century.
|9 58353
|
| 650 |
|
0 |
|a Politics and literature
|z India
|x History
|y 19th century.
|9 58354
|
| 650 |
|
0 |
|a Education
|x Political aspects
|z India
|x History
|y 19th century.
|9 58355
|
| 650 |
|
0 |
|a Education and state
|z India
|x History
|y 19th century.
|9 58356
|
| 852 |
4 |
|
|a Ayesha Abed Library
|c General Stacks
|
| 942 |
|
|
|2 ddc
|c BK
|
| 999 |
|
|
|c 2304
|d 2304
|
| 952 |
|
|
|0 0
|1 0
|2 ddc
|4 0
|6 420_710540000000000_VIS_1989
|7 0
|9 2128
|a BRACUL
|b BRACUL
|c GEN
|d 2009-07-12
|e Omni Books
|g 500.00
|l 7
|m 18
|o 420.71054 VIS
|p 3010017274
|r 2019-02-04
|s 2019-01-20
|t 1
|v 1000.00
|w 2009-07-12
|y BK
|